000 01175nas a2200337 4500
001 BR2022000290
003 BR-BrBNA
005 20231205132237.0
007 ta
008 230509b bl.|||p| |||| 00| 00por d
040 _aBR-BrBNA
_bpor
_cBiblioteca Nacional de Agricultura
041 _a(Pt)
072 _aM12; L10
100 1 _aSantos, O.C.C.
100 1 _aScalez, D.C.B.
100 1 _aPassafaro, T.L.
100 1 _aTurra, E.M.
100 1 _aFernandes, A.F.A.
100 1 _aAlvarenga, E.R.
100 1 _aAlves, G.F.O.
100 1 _aToral, F.L.B.
245 1 _aModelagem das trajetórias médias do peso vivo e do rendimento de carcaça de tilápias do Nilo (Oreochromis niloticus)por meio de funções B-spline
650 _aTILÁPIA NILÓTICA
650 _aCARCAÇA
650 _aRENDIMENTO
650 _aMELHORAMENTO GENÉTICO VEGETAL
773 0 _tArquivo Brasileiro de Medicina Veterinária e Zootecnia (Brazil)
_xISSN 1678-4162
_g(May-Jun 2015), v. 67(3) p. 899-908
_wBR2022000290
856 4 0 _uhttps://www.scielo.br/j/abmvz/a/fzvfdRnMNfmYhv5ZnhtH3bz/?format=pdf lang=pt
909 _a202311
_bLúcia
_c55
_dLúcia Elande
942 _2AGRIS
_n0
_cANA
999 _c259256
_d259256